[Event "89th Hastings Masters 2013-14"]
[Site "Hastings ENG"]
[Date "2014.01.02"]
[Round "6.36"]
[White "Low, Zhen Yu Cyrus"]
[Black "Jaunooby, Ali R"]
[Result "1/2-1/2"]
[WhiteElo "1868"]
[BlackElo "2124"]
[WhiteFideId "5804175"]
[BlackFideId "413291"]
[EventDate "2013.12.28"]

1. e4 d6 2. d4 Nf6 3. Nc3 g6 4. f4 Bg7 5. Bd3 O-O 6. Nf3 Na6 7. O-O c5 8. d5 Nc7
9. a4 e6 10. dxe6 Bxe6 11. h3 Re8 12. Re1 h6 13. f5 gxf5 14. exf5 Bd7 15. Bf4
Rxe1+ 16. Qxe1 Ncd5 17. Bd2 Nb4 18. Qf1 d5 19. Ne1 Nh5 20. Qf3 Bd4+ 21. Kh1 Qh4
22. Qg4+ Qxg4 23. hxg4 Nf6 24. Be2 h5 25. gxh5 Bxf5 26. Rc1 Re8 27. Bf3 Bf2 28.
Ne2 Nc6 29. Nd3 Bxd3 30. cxd3 Ne5 31. Nf4 Nxf3 32. gxf3 Re5 33. Bc3 d4 34. Bd2
Nxh5 35. Nxh5 Rxh5+ 36. Kg2 Bh4 37. Rh1 Rh7 38. Bf4 Rg7+ 39. Kf1 Bg5 40. Be5 f6
41. Bb8 Be3 42. Bxa7 c4 43. dxc4 b5 44. Bxd4 Bxd4 45. cxb5 Bxb2 46. Rh4 Bc3 47.
Rc4 Ba5 48. Rc6 Kf7 49. Ra6 Bc3 50. Rc6 Bd4 51. Rc7+ Kg6 52. Rc4 Bb6 53. Rc6 Rb7
54. Ke2 Kf5 55. Kd3 Ke5 56. f4+ Kf5 57. Kc4 Bd8 58. Rd6 Rb8 59. Rc6 Ra8 60. Ra6
Rc8+ 61. Kd5 Be7 62. b6 Rc5+ 63. Kd4 Rc1 64. Kd5 Rd1+ 65. Kc6 Bd6 66. Ra5+ Ke6
67. f5+ Ke7 68. Ra7+ Ke8 69. Rd7 Rc1+ 70. Kxd6 Rd1+ 71. Kc6 Rc1+ 72. Kd6 Rd1+
73. Kc6 Rc1+ 1/2-1/2

[Event "89th Hastings Masters 2013-14"]
[Site "Hastings ENG"]
[Date "2014.01.02"]
[Round "6.37"]
[White "Stonehouse, Tom H"]
[Black "Oyama, Akito"]
[Result "0-1"]
[WhiteElo "1772"]
[BlackElo "1998"]
[WhiteFideId "423092"]
[BlackFideId "7001630"]
[EventDate "2013.12.28"]

1. e4 c5 2. Nf3 Nc6 3. d4 cxd4 4. Nxd4 g6 5. Be3 Nf6 6. Nc3 Bg7 7. Be2 O-O 8.
O-O d5 9. exd5 Nxd5 10. Nxc6 bxc6 11. Nxd5 cxd5 12. Bf3 e6 13. c3 Ba6 14. Re1
Rb8 15. Bxa7 Rxb2 16. Bd4 Bxd4 17. Qxd4 Qa5 18. h4 Rxa2 19. Rxa2 Qxa2 20. h5 Qc4
21. Qf6 Rc8 22. Re3 Qc5 23. h6 Qf8 24. Bxd5 exd5 25. Qxa6 Ra8 26. Qe2 Ra1+ 27.
Kh2 Qxh6+ 28. Kg3 Qg5+ 29. Kf3 h5 30. g3 Rg1 31. Re8+ Kh7 32. Qb5 Qg4+ 33. Ke3
Re1+ 34. Kd3 Qd1# 0-1

[Event "89th Hastings Masters 2013-14"]
[Site "Hastings ENG"]
[Date "2014.01.02"]
[Round "6.38"]
[White "Taylor, Adam A"]
[Black "Witt, Holger"]
[Result "1-0"]
[WhiteElo "1983"]
[BlackElo "1648"]
[WhiteFideId "415790"]
[BlackFideId "24678139"]
[EventDate "2013.12.28"]

1. Nf3 Nf6 2. g3 g6 3. Bg2 d6 4. d4 Bg7 5. O-O O-O 6. Nc3 Nbd7 7. a4 e5 8. dxe5
Nxe5 9. Nxe5 dxe5 10. Qxd8 Rxd8 11. Bg5 h6 12. Bxf6 Bxf6 13. Nd5 Kg7 14. Nxc7
Rb8 15. Rfd1 Bf5 16. c3 Bc2 17. Rxd8 Rxd8 18. Bxb7 Rb8 19. Bd5 Bg5 20. b4 Rc8
21. Nb5 a6 22. Bb7 Rd8 23. Bxa6 Bb3 24. a5 Bd2 25. Bb7 Bc4 26. Nc7 Bxe2 27. Nd5
Bf3 28. c4 Bxb4 29. a6 Bc5 30. a7 Bxa7 31. Rxa7 Rd7 32. Ra3 Be4 33. Bc6 Rd8 34.
Re3 Rd6 35. Bb7 Rd7 36. Rxe4 Rxb7 37. Rxe5 Rb1+ 38. Kg2 Rc1 39. Ne3 h5 40. Ra5
Kf6 41. Ra2 Rc3 42. Nd5+ 1-0

[Event "89th Hastings Masters 2013-14"]
[Site "Hastings ENG"]
[Date "2014.01.02"]
[Round "6.40"]
[White "ter Steeg, Marcus"]
[Black "McKenna, John R"]
[Result "1-0"]
[WhiteElo "1942"]
[BlackElo "1735"]
[WhiteFideId "24676799"]
[BlackFideId "406180"]
[EventDate "2013.12.28"]

1. d4 d5 2. c4 c6 3. Nf3 Nf6 4. e3 Bf5 5. Qb3 Qc8 6. Nc3 e6 7. Nh4 Bg6 8. Bd2
Be7 9. Nxg6 hxg6 10. Be2 Nbd7 11. O-O-O a6 12. Kb1 dxc4 13. Bxc4 b5 14. Be2 c5
15. dxc5 Nxc5 16. Qc2 O-O 17. Rc1 Qb8 18. a3 Rc8 19. Na2 Nce4 20. Qxc8+ Qxc8 21.
Rxc8+ Rxc8 22. Be1 Nd5 23. Bf3 Nef6 24. Bd2 g5 25. h3 Nd7 26. Bxd5 exd5 27. Bb4
Bf6 28. Rd1 Nb6 29. Nc3 d4 30. exd4 Nc4 31. Bc5 Rd8 32. Ne4 Ne5 33. Nxf6+ gxf6
34. Be7 Rd5 35. Bxf6 Nd7 36. Be7 f6 37. Kc2 Kf7 38. Bd8 Ke6 39. Bc7 Nf8 40. Kd3
Ng6 41. Re1+ Kf7 42. g3 f5 43. Rc1 Ne7 44. Be5 Ke6 45. f4 1-0

[Event "89th Hastings Masters 2013-14"]
[Site "Hastings ENG"]
[Date "2014.01.02"]
[Round "6.41"]
[White "Willson, Ollie"]
[Black "Flynn, David"]
[Result "1/2-1/2"]
[WhiteElo "1833"]
[BlackElo "1932"]
[WhiteFideId "424714"]
[BlackFideId "410594"]
[EventDate "2013.12.28"]

1. c4 g6 2. g3 Bg7 3. Bg2 d6 4. Nc3 e5 5. d3 f5 6. Nf3 Nc6 7. O-O Nf6 8. a3 O-O
9. Rb1 h6 10. b4 Be6 11. b5 Ne7 12. Qc2 g5 13. a4 Rc8 14. Ba3 b6 15. a5 f4 16.
axb6 axb6 17. Nd2 Qe8 18. Nde4 Qh5 19. Nxf6+ Bxf6 20. Rfe1 Bh3 21. Bh1 Nf5 22.
Qa2 Kh8 23. Ne4 Be7 24. Bb2 fxg3 25. hxg3 Kh7 26. Bc3 Rf7 27. Qc2 Rcf8 28. Ra1
Qg6 29. Ra7 Bd8 30. Bg2 1/2-1/2

[Event "89th Hastings Masters 2013-14"]
[Site "Hastings ENG"]
[Date "2014.01.02"]
[Round "6.42"]
[White "Staniforth, Matthew"]
[Black "French, Max"]
[Result "1-0"]
[WhiteElo "1899"]
[BlackElo "1718"]
[WhiteFideId "1802593"]
[BlackFideId "426652"]
[EventDate "2013.12.28"]

1. e4 c6 2. Nf3 d5 3. exd5 cxd5 4. Ne5 Nf6 5. d4 Bf5 6. c3 e6 7. Bb5+ Nfd7 8.
Nd2 Bd6 9. Ndf3 O-O 10. O-O f6 11. Nxd7 Nxd7 12. Nh4 Qc7 13. Nxf5 exf5 14. Qf3
Nb6 15. h3 g6 16. Bh6 Rf7 17. Rfe1 a6 18. Bd3 Re7 19. Re2 Rae8 20. Rae1 Rxe2 21.
Rxe2 Rxe2 22. Qxe2 Qe7 23. Qxe7 Bxe7 24. b3 Kf7 25. Kf1 Nc8 26. c4 Nd6 27. c5
Ne4 28. f3 Ng3+ 29. Kf2 Nh5 30. Bd2 f4 31. a4 f5 32. a5 Bd8 33. c6 b5 34. Bxb5
Ke6 35. Bxa6 Kd6 36. Bb7 Kc7 37. b4 1-0

[Event "89th Hastings Masters 2013-14"]
[Site "Hastings ENG"]
[Date "2014.01.02"]
[Round "6.43"]
[White "Spanton, Tim R"]
[Black "Shierlaw, Hamish"]
[Result "1-0"]
[WhiteElo "2008"]
[BlackElo "1605"]
[WhiteFideId "404802"]
[BlackFideId "4301765"]
[EventDate "2013.12.28"]

1. d4 Nf6 2. Nf3 d5 3. Bf4 e6 4. e3 Bd6 5. Bd3 O-O 6. Nbd2 Bxf4 7. exf4 Nbd7 8.
Ne5 c5 9. c3 Qb6 10. Ndf3 Qxb2 11. O-O cxd4 12. cxd4 Qa3 13. Re1 Nb6 14. Re3 Qd6
15. Ng5 h6 16. Rh3 Qe7 17. Qf3 Nbd7 18. Qg3 Kh8 19. Ngxf7+ Kg8 20. Nxh6+ Kh8 21.
Nhf7+ 1-0

[Event "89th Hastings Masters 2013-14"]
[Site "Hastings ENG"]
[Date "2014.01.02"]
[Round "6.44"]
[White "Dean, Michael J"]
[Black "Clayton, Tristan"]
[Result "0-1"]
[WhiteElo "1597"]
[BlackElo "1832"]
[WhiteFideId "416100"]
[BlackFideId "416533"]
[EventDate "2013.12.28"]

1. e4 e5 2. Nf3 Nc6 3. Bb5 a6 4. Ba4 Nf6 5. O-O Be7 6. Re1 b5 7. Bb3 O-O 8. c3
d5 9. exd5 Nxd5 10. Nxe5 Nxe5 11. Rxe5 c6 12. d4 Bd6 13. Re1 Qh4 14. g3 Qh3 15.
Qd3 Bf5 16. Qf1 Qh5 17. Bd1 Qg6 18. Nd2 Nf4 19. Be2 Bh3 20. Bd3 Nxd3 21. Qxh3
Nxe1 22. a3 Rae8 23. Nb3 Nc2 24. Ra2 Re1+ 25. Kg2 Qe4+ 0-1

[Event "89th Hastings Masters 2013-14"]
[Site "Hastings ENG"]
[Date "2014.01.02"]
[Round "6.45"]
[White "Mitchell, Robert1"]
[Black "Gunn, Michael J"]
[Result "0-1"]
[WhiteElo "1674"]
[BlackElo "1727"]
[WhiteFideId "4302095"]
[BlackFideId "409030"]
[EventDate "2013.12.28"]

1. d4 e6 2. c4 Nf6 3. Nf3 d5 4. g3 Be7 5. Bg2 O-O 6. O-O b6 7. Nc3 Bb7 8. Ne5
Nbd7 9. cxd5 exd5 10. Bf4 a6 11. Rc1 Rc8 12. e3 c5 13. Bh3 h6 14. Ng4 Nxg4 15.
Bxg4 g5 16. Be5 f6 17. Be6+ Kg7 18. Bf4 Rc6 19. Bxd5 f5 20. Bxc6 Bxc6 21. d5 Bb7
22. d6 Bf6 23. Nd5 gxf4 24. Nxf4 Qe8 25. Qh5 Bxb2 26. Qxe8 Rxe8 27. Rcd1 Bf3 28.
Rb1 Be5 29. Rb3 Kf7 30. Rd3 Bxf4 31. exf4 Be2 0-1

[Event "89th Hastings Masters 2013-14"]
[Site "Hastings ENG"]
[Date "2014.01.03"]
[Round "7.5"]
[White "Gormally, Daniel W"]
[Black "Sarkar, Justin"]
[Result "1/2-1/2"]
[WhiteTitle "GM"]
[BlackTitle "IM"]
[WhiteElo "2500"]
[BlackElo "2425"]
[WhiteFideId "406465"]
[BlackFideId "2010011"]
[EventDate "2013.12.28"]

1. d4 Nf6 2. Nf3 g6 3. c4 Bg7 4. Nc3 d5 5. cxd5 Nxd5 6. e4 Nxc3 7. bxc3 c5 8.
Rb1 O-O 9. Be2 b6 10. O-O Qc7 11. Bg5 Nc6 12. d5 Ne5 13. c4 f5 14. exf5 Bxf5 15.
Rb3 Nf7 16. Bd2 e6 17. Nh4 Bf6 18. Nxf5 exf5 19. g3 Rfe8 20. Kg2 Nd6 21. a4 Qd7
22. a5 Rab8 23. axb6 axb6 24. Be3 Qa4 25. Bxc5 Nxc4 26. Bxc4 Qxc4 27. Rxb6 Qxc5
28. Rxf6 Rbd8 29. Rc6 Qxd5+ 30. Qxd5+ Rxd5 31. Rc2 1/2-1/2

[Event "89th Hastings Masters 2013-14"]
[Site "Hastings ENG"]
[Date "2014.01.03"]
[Round "7.6"]
[White "Milliet, Sophie"]
[Black "Arkell, Keith C"]
[Result "1-0"]
[WhiteTitle "IM"]
[BlackTitle "GM"]
[WhiteElo "2387"]
[BlackElo "2438"]
[WhiteFideId "623725"]
[BlackFideId "400270"]
[EventDate "2013.12.28"]

1. e4 c6 2. d4 d5 3. e5 c5 4. c4 e6 5. Nf3 cxd4 6. Nxd4 Nc6 7. Nc3 Bc5 8. Nxc6
bxc6 9. cxd5 cxd5 10. b4 Bf8 11. Bd2 Bd7 12. a3 Ne7 13. Ba6 Nc6 14. O-O Be7 15.
Re1 O-O 16. Bd3 f5 17. f4 a5 18. b5 Na7 19. Be3 Rf7 20. Qd2 Qf8 21. b6 Nc6 22.
Nb5 Rb8 23. Rec1 Nd8 24. Qxa5 Nb7 25. Qc3 g5 26. fxg5 f4 27. Bd4 f3 28. Rf1 Bxb5
29. Bxb5 Nc5 30. Rxf3 Rxf3 31. gxf3 Rxb6 32. a4 Rb7 33. Kh1 Rc7 34. Qe3 Kh8 35.
Rg1 Qf5 36. g6 Qh5 37. Be8 Qf5 38. Bf7 Bf8 39. Bxc5 Rxc5 40. g7+ Bxg7 41. Qxc5
Qxf3+ 42. Rg2 Qxf7 43. Rf2 Qe8 44. Qc7 h6 45. Rg2 Bf8 46. Qc2 Qf7 47. Qf2 Qe8
48. a5 1-0

[Event "89th Hastings Masters 2013-14"]
[Site "Hastings ENG"]
[Date "2014.01.03"]
[Round "7.7"]
[White "Radovanovic, Jovica"]
[Black "Gordon, Stephen J"]
[Result "1-0"]
[WhiteTitle "FM"]
[BlackTitle "GM"]
[WhiteElo "2339"]
[BlackElo "2519"]
[WhiteFideId "915912"]
[BlackFideId "411477"]
[EventDate "2013.12.28"]

1. d4 Nf6 2. c4 g6 3. g3 Bg7 4. Bg2 d5 5. cxd5 Nxd5 6. e4 Nb6 7. Ne2 c5 8. d5 e6
9. O-O exd5 10. exd5 O-O 11. Nec3 Na6 12. Nd2 Bf5 13. Nde4 Qd7 14. Bh6 Rac8 15.
Re1 Rfe8 16. Bxg7 Kxg7 17. Qd2 Nc4 18. Qf4 Nxb2 19. Bf1 Bxe4 20. Nxe4 f5 21. Nd6
Rxe1 22. Rxe1 Rd8 23. Qe5+ Kh6 24. Qf4+ Kg7 25. Re6 Kg8 26. Nxf5 Rf8 27. Ne7+ 1-0

[Event "89th Hastings Masters 2013-14"]
[Site "Hastings ENG"]
[Date "2014.01.03"]
[Round "7.8"]
[White "Flear, Glenn C"]
[Black "Erzhanov, Arman"]
[Result "1/2-1/2"]
[WhiteTitle "GM"]
[BlackTitle "FM"]
[WhiteElo "2471"]
[BlackElo "2325"]
[WhiteFideId "400165"]
[BlackFideId "4138821"]
[EventDate "2013.12.28"]

1. d4 d6 2. c4 e5 3. d5 Be7 4. Nc3 Bg5 5. Nf3 Bxc1 6. Rxc1 Nf6 7. e3 O-O 8. c5
Nbd7 9. cxd6 cxd6 10. Be2 a6 11. O-O b5 12. b4 Nb6 13. Nd2 Bd7 14. Nb3 Ra7 15.
Na5 Rc7 16. Qd2 Qa8 17. e4 Rfc8 18. Bd3 Nh5 19. g3 f5 20. exf5 Nf6 21. Nc6 Bxc6
22. dxc6 d5 23. a4 bxa4 24. b5 axb5 25. Bxb5 Qa5 1/2-1/2

[Event "89th Hastings Masters 2013-14"]
[Site "Hastings ENG"]
[Date "2014.01.03"]
[Round "7.9"]
[White "Vakhidov, Jahongir"]
[Black "Stewart, Neil"]
[Result "1-0"]
[WhiteTitle "IM"]
[BlackTitle "FM"]
[WhiteElo "2452"]
[BlackElo "2258"]
[WhiteFideId "14201801"]
[BlackFideId "4636988"]
[EventDate "2013.12.28"]

1. d4 d5 2. c4 c6 3. Nc3 Nf6 4. cxd5 cxd5 5. Nf3 Nc6 6. Bf4 a6 7. Ne5 e6 8. Nxc6
bxc6 9. g3 c5 10. Bg2 Bb7 11. O-O Bd6 12. Qa4+ Ke7 13. Bxd6+ Qxd6 14. dxc5 Qxc5
15. Rac1 Qd6 16. e4 Rab8 17. exd5 exd5 18. Rfe1+ Kf8 19. Qd4 Rd8 20. Rcd1 h6 21.
Qa7 Rd7 22. Bh3 Re7 23. Rxe7 Kxe7 24. Qxb7+ 1-0

[Event "89th Hastings Masters 2013-14"]
[Site "Hastings ENG"]
[Date "2014.01.03"]
[Round "7.10"]
[White "Cherniaev, Alexander"]
[Black "Villiers, Thomas"]
[Result "1-0"]
[WhiteTitle "GM"]
[WhiteElo "2434"]
[BlackElo "2078"]
[WhiteFideId "4117301"]
[BlackFideId "427209"]
[EventDate "2013.12.28"]

1. e4 d5 2. exd5 Qxd5 3. Nf3 Bg4 4. Be2 Nc6 5. d4 e5 6. c3 O-O-O 7. h3 Be6 8. c4
Qe4 9. d5 Nd4 10. Nxd4 exd4 11. Nd2 Bb4 12. O-O Bxd2 13. Qxd2 Bd7 14. Bf3 Qh4
15. Qa5 Kb8 16. d6 c6 17. Bg5 b6 18. Bxh4 bxa5 19. Bxd8 Nf6 20. Bxf6 gxf6 21. c5
Rg8 22. Rfe1 Bxh3 23. Re7 Be6 24. Bxc6 Bc8 25. Rae1 d3 26. R1e3 d2 27. Rb3+ 1-0

[Event "89th Hastings Masters 2013-14"]
[Site "Hastings ENG"]
[Date "2014.01.03"]
[Round "7.11"]
[White "Foisor, Cristina-Adela"]
[Black "Kipper, Jens"]
[Result "0-1"]
[WhiteTitle "IM"]
[WhiteElo "2355"]
[BlackElo "2378"]
[WhiteFideId "1200496"]
[BlackFideId "4632796"]
[EventDate "2013.12.28"]

1. c4 Nf6 2. g3 e6 3. Nf3 d5 4. Bg2 Be7 5. O-O O-O 6. d4 dxc4 7. Qc2 b5 8. a4 b4
9. Ne5 Qxd4 10. Bxa8 Qxe5 11. Bf3 Ba6 12. Bf4 Qc5 13. Be3 Qa5 14. Nd2 Nd5 15.
Nxc4 Bxc4 16. Qxc4 Nxe3 17. fxe3 Qb6 18. Rad1 Qxe3+ 19. Kg2 Bd6 20. Qd4 Qxd4 21.
Rxd4 Nd7 22. Rc1 Rb8 23. e3 Kf8 24. Bd1 Ke7 25. b3 Rb6 26. Be2 Ne5 27. h4 g6 28.
g4 h6 29. Rd2 Rc6 30. Rxc6 Nxc6 31. Rc2 Na5 32. Bc4 Be5 33. Rc1 Bc3 34. h5 gxh5
35. gxh5 Nxc4 36. bxc4 Kd6 37. Kf3 Kc5 38. Ke2 Kxc4 39. Rf1 f5 40. Rf4+ Kd5 41.
Kd3 c5 42. a5 Be5 43. Rc4 b3 44. Rh4 f4 45. e4+ Kc6 46. Kc4 b2 47. Rh1 Bd4 48.
Kd3 f3 49. Kc4 a6 50. Rb1 f2 51. Rf1 Kd6 52. Rd1 Ke5 53. Kd3 Kf4 54. Rb1 Kf3 55.
Rd1 e5 56. Rb1 c4+ 57. Kxc4 Ke2 0-1

[Event "89th Hastings Masters 2013-14"]
[Site "Hastings ENG"]
[Date "2014.01.03"]
[Round "7.12"]
[White "Hebden, Mark L"]
[Black "Haria, Ravi"]
[Result "1-0"]
[WhiteTitle "GM"]
[WhiteElo "2560"]
[BlackElo "2160"]
[WhiteFideId "400084"]
[BlackFideId "415820"]
[EventDate "2013.12.28"]

1. d4 e6 2. Nf3 Nf6 3. c4 b6 4. g3 Bb7 5. Bg2 Be7 6. O-O O-O 7. Bf4 Ne4 8. Nfd2
d5 9. cxd5 Nxd2 10. Qxd2 exd5 11. Nc3 Bd6 12. Rac1 c6 13. Rfe1 Na6 14. e4 Bxf4
15. Qxf4 Nc7 16. exd5 cxd5 17. Re3 Qd7 18. Bh3 Qxh3 19. Qxc7 Ba6 20. Nxd5 h6 21.
Qf4 Qd7 22. Ne7+ Kh8 23. d5 Rae8 24. Rce1 Rd8 25. h4 Qd6 26. Re5 Rd7 27. Qa4 Bb7
28. Nf5 Qc7 29. Qg4 g6 30. Qd4 f6 31. Re8 Rf7 32. Nxh6 Kg7 33. Nxf7 Rxe8 34.
Rxe8 Qxf7 35. Qe3 Qxd5 36. Qe7+ Qf7 37. b4 Bd5 38. a3 Bb7 39. Qd8 1-0

[Event "89th Hastings Masters 2013-14"]
[Site "Hastings ENG"]
[Date "2014.01.03"]
[Round "7.13"]
[White "Rahman, Ziaur"]
[Black "Croad, Nicolas"]
[Result "1/2-1/2"]
[WhiteTitle "GM"]
[BlackTitle "FM"]
[WhiteElo "2496"]
[BlackElo "2272"]
[WhiteFideId "10200037"]
[BlackFideId "4300793"]
[EventDate "2013.12.28"]

1. d4 Nf6 2. Bg5 d5 3. e3 c6 4. Nd2 Bg4 5. f3 Bh5 6. Nh3 Nbd7 7. c4 Bg6 8. cxd5
Nxd5 9. Qb3 Qb6 10. e4 Qxb3 11. Nxb3 Nb4 12. Kf2 f6 13. a3 Bf7 14. axb4 Bxb3 15.
Be3 e5 16. b5 exd4 17. Bxd4 c5 18. Be3 Bd6 19. Be2 Ke7 20. Nf4 Be5 21. Ra3 Bf7
22. Nd3 Bd6 23. Bf4 a5 24. Bxd6+ Kxd6 25. Rd1 Ke7 26. Ne1 Rhd8 27. Nc2 Ne5 28.
Rxd8 Rxd8 29. Ke1 b6 30. Ne3 g5 31. h4 gxh4 32. Nf5+ Kf8 33. Nxh4 Rd4 34. Rc3
Rb4 35. Rc2 Nc4 36. Bxc4 Bxc4 37. Nf5 Bxb5 38. Rd2 a4 39. Kd1 Kf7 40. Kc2 Rc4+
41. Kb1 Rb4 42. Kc2 a3 43. bxa3 Ba4+ 44. Kc3 Rb3+ 45. Kc4 Rxa3 46. Rb2 Bd7 47.
Rxb6 Bxf5 48. exf5 Ra2 49. Rb7+ Kf8 50. g4 h5 51. gxh5 Rh2 52. Kd5 Rxh5 53. Ke6
Rh6 54. Rc7 Kg8 55. Rxc5 Kg7 56. Rc7+ Kg8 57. Rc1 Rh3 58. f4 Rh4 59. Rf1 Kg7 60.
Ke7 Rg4 61. Re1 Rg2 62. Re3 Rg1 63. Ke8 Rg2 64. Re7+ Kg8 65. Re6 Kg7 66. Re1 Rg3
67. Ke7 Rg2 68. Ke6 Rg3 69. Kd5 Rd3+ 70. Ke4 Ra3 71. Rg1+ Kf7 72. Rd1 Ke7 73.
Rb1 Ra5 74. Rb3 Rc5 75. Rb7+ Ke8 76. Rh7 Ra5 77. Rh5 Kf7 78. Kf3 Kg7 79. Kg4 Ra1
80. Rh3 Rg1+ 81. Rg3 Rxg3+ 82. Kxg3 Kf7 83. Kh4 Kg8 84. Kg3 Kf7 85. Kf2 Kf8 86.
Ke2 Ke8 87. Kd3 Kd7 88. Ke4 Kd6 89. Kd4 1/2-1/2

[Event "89th Hastings Masters 2013-14"]
[Site "Hastings ENG"]
[Date "2014.01.03"]
[Round "7.15"]
[White "Schuster, Martin"]
[Black "Fernandez, Daniel Howard"]
[Result "0-1"]
[BlackTitle "IM"]
[WhiteElo "2209"]
[BlackElo "2381"]
[WhiteFideId "4651294"]
[BlackFideId "5801605"]
[EventDate "2013.12.28"]

1. d4 b5 2. e4 Bb7 3. Bd3 e6 4. Nf3 c5 5. c3 a6 6. Bg5 Qb6 7. Nbd2 h6 8. Be3 c4
9. Bc2 d5 10. exd5 Bxd5 11. Qe2 Nf6 12. Bf4 Be7 13. h3 Nbd7 14. O-O Qb7 15. Rfe1
O-O 16. a3 Rfc8 17. Be5 a5 18. Ne4 Nxe4 19. Bxe4 Bxe4 20. Qxe4 Qxe4 21. Rxe4 Nb6
22. Rc1 b4 23. axb4 axb4 24. cxb4 Bxb4 25. Re2 Nd5 26. Rec2 c3 27. bxc3 Rxc3 28.
Rxc3 Bxc3 29. Rb1 Bb4 30. Bf4 Ra2 31. Be3 f6 32. Nh2 Kf7 33. Nf1 g5 34. f3 Bc3
35. Rd1 Ba5 36. Bf2 Nc3 37. Rd3 Ne2+ 38. Kh2 Nf4 0-1

[Event "89th Hastings Masters 2013-14"]
[Site "Hastings ENG"]
[Date "2014.01.03"]
[Round "7.16"]
[White "Knott, Simon J B"]
[Black "Fernandez, Michael"]
[Result "1-0"]
[WhiteTitle "IM"]
[WhiteElo "2317"]
[BlackElo "1975"]
[WhiteFideId "400645"]
[BlackFideId "5803560"]
[EventDate "2013.12.28"]

1. Nf3 d5 2. d4 Nf6 3. c4 c6 4. e3 Bf5 5. Nc3 e6 6. Nh4 Bg6 7. Be2 Nbd7 8. O-O
Ne4 9. g3 Bd6 10. cxd5 exd5 11. Nxe4 Bxe4 12. f3 Bg6 13. e4 O-O 14. Nxg6 hxg6
15. e5 Bc7 16. f4 Bb6 17. Bf3 Qe7 18. Kg2 Qb4 19. Be3 Qxb2+ 20. Rf2 Qc3 21. Re2
Rfe8 22. Rb1 Qa3 23. h4 Nf8 24. Rb3 Qa4 25. Rd2 Ne6 26. h5 gxh5 27. f5 Nc7 28.
Bxh5 c5 29. Qg4 Kf8 30. f6 Ne6 31. fxg7+ 1-0

[Event "89th Hastings Masters 2013-14"]
[Site "Hastings ENG"]
[Date "2014.01.03"]
[Round "7.17"]
[White "McPhillips, Joseph"]
[Black "Mu, Ke"]
[Result "0-1"]
[WhiteElo "2199"]
[BlackElo "2302"]
[WhiteFideId "422487"]
[BlackFideId "8602778"]
[EventDate "2013.12.28"]

1. e4 d6 2. d4 g6 3. Nf3 Bg7 4. Be2 a6 5. a4 b6 6. O-O Bb7 7. Nc3 Nf6 8. e5 dxe5
9. Nxe5 O-O 10. Bf3 Qc8 11. Bxb7 Qxb7 12. Qf3 Qxf3 13. Nxf3 Nc6 14. Bf4 Rac8 15.
Rfe1 e6 16. Rad1 h6 17. Be5 Rfd8 18. h3 Nd5 19. Nxd5 Rxd5 20. Bxg7 Kxg7 21. Rd2
Rcd8 22. Red1 b5 23. axb5 axb5 24. c3 Ra8 25. Kf1 Ra2 26. b3 Ra3 27. c4 Rf5 28.
d5 exd5 29. cxd5 Nb4 30. d6 cxd6 31. Rxd6 Rc5 32. Rd7 Nc2 33. Rb1 b4 34. Nd4 Kf8
35. Kg1 Ke8 36. Nxc2 Kxd7 37. Nxb4 Rc3 38. Rd1+ Ke8 39. Kh2 Raxb3 40. Nd5 Rd3
41. Re1+ Kf8 42. Nf6 Rd8 43. Ng4 h5 44. Ne5 Kg7 45. Nf3 Rb2 46. Kg3 Rd3 47. Re4
Ra3 48. Rf4 g5 49. Rf5 f6 50. Rb5 Rxb5 0-1

[Event "89th Hastings Masters 2013-14"]
[Site "Hastings ENG"]
[Date "2014.01.03"]
[Round "7.18"]
[White "Harvey, Marcus R"]
[Black "Marusenko, Petr"]
[Result "1/2-1/2"]
[BlackTitle "IM"]
[WhiteElo "2269"]
[BlackElo "2189"]
[WhiteFideId "400092"]
[BlackFideId "14100606"]
[EventDate "2013.12.28"]

1. g3 f5 2. Bg2 Nf6 3. c4 e5 4. d4 exd4 5. Qxd4 Nc6 6. Qd3 Bb4+ 7. Nd2 d6 8. a3
Ne5 9. Qc2 Bc5 10. b4 Bd4 11. Ra2 a6 12. Ngf3 Ba7 13. Bb2 O-O 14. e3 Qe7 15. O-O
Nfg4 16. Nd4 c5 17. bxc5 Bxc5 18. h3 Nh6 19. Raa1 Rb8 20. N2b3 Ba7 21. Rae1 Bd7
22. f4 Nc6 23. e4 fxe4 24. Bxe4 Qf6 25. c5 Nxd4 26. Bxd4 Bxc5 27. Qc4+ Be6 28.
Qxc5 dxc5 29. Bxf6 Rxf6 30. Nxc5 Bxh3 31. Rf3 b5 32. Rfe3 Rbf8 33. Bd5+ Kh8 34.
Ne4 Rb6 35. Ng5 Bg4 36. Re8 Rb8 37. Rxf8+ Rxf8 38. Re7 Rd8 39. Ra7 Bh5 40. Be6
Rf8 41. Rxa6 Ng4 42. Rb6 h6 43. Nf3 Nf6 44. Nd4 Rd8 45. Nxb5 Rd1+ 46. Kg2 Rd2+
47. Kh3 g5 48. fxg5 hxg5 49. Nd6 Kg7 50. Rb7+ Kf8 51. Nc4 Re2 52. Bf5 Bf3 53.
Rb2 Re1 54. g4 Bd5 55. Nb6 Re3+ 56. Kh2 Rxa3 57. Rb5 Ra2+ 58. Kg3 Rg2+ 59. Kh3
Rd2 60. Ra5 Be4 61. Re5 Rd3+ 62. Kh2 Bxf5 63. Rxf5 Kg7 64. Kg2 Kg6 65. Nc4 Nxg4
66. Ne5+ Nxe5 67. Rxe5 Kh5 68. Re4 g4 69. Re8 1/2-1/2

[Event "89th Hastings Masters 2013-14"]
[Site "Hastings ENG"]
[Date "2014.01.03"]
[Round "7.19"]
[White "Chlost, Marlena"]
[Black "Mannion, Stephen R"]
[Result "0-1"]
[WhiteTitle "WFM"]
[BlackTitle "IM"]
[WhiteElo "2167"]
[BlackElo "2375"]
[WhiteFideId "1122657"]
[BlackFideId "2400111"]
[EventDate "2013.12.28"]

1. e4 e5 2. Nf3 Nc6 3. Bb5 a6 4. Ba4 Nf6 5. O-O Be7 6. Re1 b5 7. Bb3 d6 8. c3
O-O 9. h3 Na5 10. Bc2 c5 11. d4 Nd7 12. Nbd2 exd4 13. cxd4 Nc6 14. d5 Nce5 15.
Nxe5 Nxe5 16. f4 Ng6 17. Nf3 Bh4 18. Nxh4 Qxh4 19. f5 Ne5 20. Rf1 Re8 21. b3 a5
22. Bd2 c4 23. Qc1 h6 24. f6 Bxh3 25. gxh3 Qg3+ 26. Kh1 Qxh3+ 27. Kg1 Qg3+ 28.
Kh1 Nf3 29. Rxf3 Qxf3+ 30. Kg1 Qg3+ 31. Kf1 Re5 32. Qe1 Qh3+ 33. Ke2 Qg4+ 34.
Ke3 Rae8 35. Kd4 Qc8 36. Bxa5 Rg5 37. Bb4 Rg2 38. Rc1 Qd8 39. Qf1 Rf2 40. Qg1
Qxf6+ 41. Ke3 Qf4+ 42. Kd4 Rf3 43. Bxd6 Qxd6 44. bxc4 Qb6+ 45. c5 Qf6+ 0-1